000 00842cab a2200265 4500
001 WB3309-45
008 090401t1997 xxu||||| |||| 00| 0 eng d
035 _a(Sirsi) u59949
041 _aeng
245 _aHomeowners caught by development plans
260 _c1997
350 _a0
490 _aTimes
_v22 February 1997, 34(2)
520 _aThousands of homeowners have had their properties blighted by road schemes, rail routes, and other big public projects. Reviews homeowners rights and the shortcomings of the compensation regime.
650 _aCOMPENSATION
650 _aCompulsory purchase
_96228
650 _aHOMEOWNERS
650 _aMANCHESTER AIRPORT
650 _aPROPERTY BLIGHT
650 _aRAIL ROUTES
650 _aROAD SCHEMES
690 _aPLANNING LAW AND PRACTICE
942 _n0
948 _c04/03/1997
999 _c36892
_d36892